书目信息 |
| 题名: |
本领恐慌
|
|
| 作者: | 王小平 著 | |
| 分册: | ||
| 出版信息: | 北京 中国青年出版社 2008.05 |
|
| 页数: | 21,319页 | |
| 开本: | 24cm | |
| 丛书名: | 和慧大成系列丛书 | |
| 单 册: | ||
| 中图分类: | B842.3 | |
| 科图分类: | ||
| 主题词: | 学习--研究 | |
| 电子资源: | ||
| ISBN: | 978-7-5006-8091-8 | |
| 000 | 00853oam2 2200265 450 | |
| 001 | 012004242846 | |
| 005 | 20130608172255.50 | |
| 010 | @a978-7-5006-8091-8@dCNY27.00@z7-5006-8091-0 | |
| 100 | @a20080520d2008 em y0chiy0110 ea | |
| 101 | 0 | @achi |
| 102 | @aCN@b110000 | |
| 105 | @aa z 000yy | |
| 106 | @ar | |
| 200 | 1 | @a本领恐慌@9ben ling kong huang@dCapabilty panic@f王小平著@zeng |
| 210 | @a北京@c中国青年出版社@d2008.05 | |
| 215 | @a21,319页@c照片@d24cm | |
| 225 | 2 | @a和慧大成系列丛书 |
| 330 | @a本书将告诉您如何进行五类修炼、如何提高十大能力、如何使软本领、硬本领协同发展,如何使将本领、兵本领集于一身,以至大成! | |
| 461 | 0 | @12001 @a和慧大成系列丛书 |
| 510 | 1 | @aCapabilty panic@zeng |
| 606 | 0 | @a学习@x研究 |
| 690 | @aB842.3@v4 | |
| 701 | 0 | @a王小平@9wang xiao ping@4著 |
| 801 | 0 | @aCN@bNLC@c20080520 |
| 905 | @dB842.3@e1200 | |
| 本领恐慌=Capabilty panic/王小平著.-北京:中国青年出版社,2008.05 |
| 21,319页:照片;24cm.-(和慧大成系列丛书) |
| ISBN 978-7-5006-8091-8:CNY27.00 |
| 本书将告诉您如何进行五类修炼、如何提高十大能力、如何使软本领、硬本领协同发展,如何使将本领、兵本领集于一身,以至大成! |
| ● |
| 相关链接 |
|
|
|
|
正题名:本领恐慌
索取号:B842.3/1200
 
预约/预借
| 序号 | 登录号 | 条形码 | 馆藏地/架位号 | 状态 | 备注 |
| 1 | 0545563 | 205455639 | 第一样本阅览室/ [索取号:B842.3/1200] | 在馆 | |
| 2 | 0545564 | 205455648 | 第一借阅区/ [索取号:B842.3/1200] | 在馆 | |
| 3 | 0545565 | 205455657 | 第一借阅区/ [索取号:B842.3/1200] | 在馆 | |
| 4 | 0545566 | 205455666 | 第一借阅区/ [索取号:B842.3/1200] | 在馆 | |
| 5 | 0545567 | 205455675 | 第一借阅区/ [索取号:B842.3/1200] | 在馆 |